000 00989nam a22002537a 4500
999 _c22606
_d22606
003 AR-CdUCM
008 190409b ||||| |||| 00| 0 spa d
020 _a9786124150432
040 _aMUNICIPALIDAD PROVINCIAL DEL CUSCO
_cBIBLIOTECA MUNICIPAL DEL CUSCO
082 _a324.98/O
_bO
245 _aOrganismos electorales y calidad de la democracia en América Latina /
_ceditores, Mikel Barreda Diez, Leticia M. Ruiz Rodríguez
260 _aLima :
_bJurado Nacional de Elecciones,
_c2014.
300 _a200 páginas. :
_bdiagrs. ;
_c24 cm.
500 _zIncluye bibliografías.
650 _aDemocracia y Estado
_948630
650 _aSistema electoral
_944786
650 _aElecciones
_91677
650 _aAmérica Latina
_948631
700 _aBarreda Díez, Mikel
_eeditor
_948632
700 _aRuiz Rodríguez, Leticia
_eeditor
_948633
710 _aJurado Nacional de Elecciones
_bEscuela Electoral y de Gobernabilidad
_tentidad editora
_948634
942 _2ddc
_cLIBROS
945 _arac